000 00536nam a2200169 i 4500
001 49678
003 ES-MaACL
005 20230906162037.0
007 t|
008 030721s1913 fr ||||1| fre d
100 1 _aCoubertin, Pierre de.
_941212
245 1 0 _aEssais de psychologíe sportive /
_cPierre de Coubertin ; avec une introduction de Roger Dépagniat.
260 _aParis :
_b[s.n.],
_c1913 (
_eLausane :
_fImp. Lion Burki)
300 _a264 p. ;
_c19 cm.
700 1 _aDépagniat, Roger.
_943749
852 _aES-MaACL
_jF-10348
999 _c49678
_d49678